| 000 | 00495nam a22001812 4500 | ||
|---|---|---|---|
| 001 | 0000009338 | ||
| 005 | 20151217154412.0 | ||
| 008 | 080928s xx 000 0 eng d | ||
| 020 |
_a1854246592 : _cKES 1190 |
||
| 040 |
_aKABU _cKABU |
||
| 100 | 1 |
_aRivers, Francine. _@0000160603 |
|
| 245 | 1 | 0 |
_aRedeeming love / _cFrancine Rivers. |
| 260 |
_aOxford : _bMonarch Books, _c1997. |
||
| 300 | _a447 p. | ||
| 908 | _a080928 | ||
| 950 | _@1 | ||
| 999 |
_c11027 _d11027 |
||